000 00713nam a2200253Ia 4500
005 20260306153635.0
008 008 260114s9999 xx 000 0 eng d
020 _a9781868147540
037 _aEBOOK
040 _aCRL
040 _beng
040 _cCRL
041 _2eng
041 _aeng
084 _qCRL
100 _aBond/Burawoy/Cock/Desai/Glaser/Jara/Luxton/Ngwane/Pillay/Satgar/Saul/Veriava/Williams
_91125921
245 0 _aMarxisms in the 21st Century 1st ed
260 _bWits University Press
260 _c2018
650 _aPolitical Science
856 _uhttps://www.cambridge.org/core/product/identifier/9781868147540/type/BOOK
942 _cEBOOK
999 _c1704274
_d1704274